Basic journalism. / (Record no. 6947)

MARC details
000 -LEADER
fixed length control field 00789nam a22001697a 4500
008 - FIXED-LENGTH DATA ELEMENTS--GENERAL INFORMATION
fixed length control field 190919b xxu||||| |||| 00| 0 eng d
020 ## - INTERNATIONAL STANDARD BOOK NUMBER
International Standard Book Number 9789351381044
050 ## - LIBRARY OF CONGRESS CALL NUMBER
Classification number REF
100 ## - MAIN ENTRY--PERSONAL NAME
Personal name Parthasarathy, Rangaswami.
245 ## - TITLE STATEMENT
Title Basic journalism. /
Statement of responsibility, etc. Rangaswami Parthasarathy.
250 ## - EDITION STATEMENT
Edition statement 2nd ed.
260 ## - PUBLICATION, DISTRIBUTION, ETC.
Place of publication, distribution, etc. New Delhi :
Name of publisher, distributor, etc. Trinity Press,
Date of publication, distribution, etc. 2017.
300 ## - PHYSICAL DESCRIPTION
Extent 195 p. :
Dimensions 22 cm.
500 ## - GENERAL NOTE
General note Includes bibliography.
505 ## - FORMATTED CONTENTS NOTE
Formatted contents note Contents: Introduction -- Inside a newspaper -- What a newspaper -- What is news? -- The electronic era -- Suppliers of news -- The reporter -- News editor -- The Sub-editor -- Anatomy of editing -- Mofussil news -- Language and style -- Headlines -- Design and make-up -- Picture editing and captions -- A glossary of newspaper jargon.
942 ## - ADDED ENTRY ELEMENTS (KOHA)
Source of classification or shelving scheme Library of Congress Classification
Koha item type Books
Holdings
Withdrawn status Lost status Source of classification or shelving scheme Damaged status Not for loan Home library Current library Shelving location Date acquired Total Checkouts Full call number Barcode Date last seen Price effective from Koha item type Copy number
    Library of Congress Classification     WISCONSIN INTERNATIONAL UNIVERSITY COLLEGE, GHANA - MAIN LIBRARY WISCONSIN INTERNATIONAL UNIVERSITY COLLEGE, GHANA - MAIN LIBRARY Reference 19/09/2019   REF 8518/112/19 19/09/2019 19/09/2019 Books  
    Library of Congress Classification     WISCONSIN INTERNATIONAL UNIVERSITY COLLEGE, GHANA KUMASI LIBRARY WISCONSIN INTERNATIONAL UNIVERSITY COLLEGE, GHANA KUMASI LIBRARY General Stacks 11/11/2019   PN4775.P27(2e) K/2008/2008/19 14/12/2021 19/09/2019 Books 1
    Library of Congress Classification     WISCONSIN INTERNATIONAL UNIVERSITY COLLEGE, GHANA KUMASI LIBRARY WISCONSIN INTERNATIONAL UNIVERSITY COLLEGE, GHANA KUMASI LIBRARY General Stacks 11/11/2019   PN4775.P271(2e) K/2009/2009/19 14/12/2021 19/09/2019 Books 2

If you have any concerns or questions; kindly contact the library


© Powered by WIUC ICT DIRECTORATE